00568 2200181 4500001002100000005001500021008004100036020002200077035001900099041000700118082001100125090001900136100005400155245010300209260003300312300002400345650001700369INLIS00000000000028220241224112139241224||||||||| | ||| |||| || |  a978-979-3535-77-7 0010-1224000282 aid0 a321.03 a321.03 ENS e/20 aTim Ensiklopedia pemerintahan dan kewarganegaraan00aEnsiklopedia Pemerintahan & Kewarganegaraan : Sistem dan Bentuk Pemerintahan di Indonesia, Jilid 2 aJakartabLentera Abadic2010 aix+203hlm;22x29,5cm 0aIlmu Politik